Prüfschema: schwere Fälle des Diebstahls § 243 StGB - Statistiken

Allgemein
  • Dieses Quiz wurde 4 mal gespielt
  • Das Durchschnittsergebnis liegt bei 6 aus 13
Antwortstatistiken
Prüfschema % Korrekt
I. Tatbestand
100%
1. objektiver Tatbestand
67%
III. Schuld
67%
II. Rechtswidrigkeit
67%
1. Objektive Voraussetzungen
33%
§ 242 iVm § 243
33%
2. subjektiver Tatbestand
33%
2. Subjektive Voraussetzungen
33%
3. Ausschlussklausel des § 243 II
33%
a) Geringwertigkeit
33%
b) Tatbezug auf geringwertige Sache und entsprechende Irrtumskonstellationen
33%
c) Vorsatzwechsel
33%
IV. Strafzumessung, § 243
33%
Keine übereinstimmenden Quizze gefunden
Verteilung der Resultate
Anzahl Personen mit jedem Resultat
Perzentil nach korrekt beantworteten Fragen
Ihre Resultats-Entwicklung
Sie haben dieses Quiz noch nicht gespielt